| 000 | 00871cam a2200229 4500 | ||
|---|---|---|---|
| 001 | ABS64332 | ||
| 008 | 010907n2001 000 0 eng u | ||
| 035 | _a(Sirsi) u114480 | ||
| 100 | _aJack, S | ||
| 245 | _aFusion reigns | ||
| 260 | _c2001 | ||
| 490 |
_aContract Journal _v410(6341) 22 August 2001, 16-17(2) |
||
| 520 | _aLooks into GlaxoSmithKline's partnering style approach towards its construction projects. This has evolved into Fusion, a collaborative working approach, which brings designers and contractors together at an early stage in the project. The approach has already proved a success with major savings in cost and time. | ||
| 590 | _aABS | ||
| 650 | _aCONSTRUCTION PROJECTS | ||
| 650 | _aFUSION | ||
| 650 | _aPARTNERING | ||
| 650 | _aCONSTRUCTION INDUSTRY | ||
| 650 | _aBUILDING DEVELOPMENT | ||
| 690 |
_aProcurement _96260 |
||
| 942 | _n0 | ||
| 999 |
_c68199 _d68199 |
||